| 000 | 00790nam a2200229 a 4500 | ||
|---|---|---|---|
| 005 | 20210223132327.0 | ||
| 008 | 140402s2004 es r 000 0 spa d | ||
| 020 | _a8434898748 | ||
| 035 | _aUPN01000196789 | ||
| 049 | _aI | ||
| 050 | 4 |
_aT48 _bB3.3 |
|
| 100 | 1 |
_aBayley, Gerry _935835 |
|
| 245 | 1 | 0 |
_aEl futuro en tu mano : _bconviértete en el protagonista de los avances más importantes de los siglos XIX y XX / _cGerry Bayley ; tr. Wendy P. Lópe ; il. Steve Boulter. |
| 260 |
_aMadrid : _bSM, _c2004. |
||
| 300 |
_a46 p. : _bil. col. |
||
| 440 | 0 |
_aInven vivos ; _v6. _pA partir de 8 años |
|
| 534 |
_pTítulo original: _tInto the future |
||
| 650 | 4 |
_aINVENTOS - _vLITERATURA INFANTIL _911235 |
|
| 650 | 4 |
_aINVENTOS - _xHISTORIA _914424 |
|
| 905 | _aInfantil | ||
| 999 |
_c168890 _d168890 |
||